Miasta w Afganistanie - nagła śmierć - Statystyki

Ogólne statystyki
  • Ten quiz został rozwiązany 18 razy
  • Średni wynik to 5 z 11
Answers on the Grid
Answers color-coded by a green-red scale on the quiz's grid according to % correct below.
Kabul
Herat
Kandahar
Mazar-i Szarif
Dżalalabad
Kunduz
Balch
Ghazni
Baghlan
Gardez
Majmana
Fajsalabad
Rawalpindi
Multan
Peszawar
Namangan
Turkmenbaszy
Kutaisi
 
Statystyki odpowiedzi
Odpowiedź % Poprawnych
Kabul
86%
Kandahar
71%
Mazar-i Szarif
57%
Dżalalabad
50%
Herat
50%
Kunduz
50%
Balch
36%
Gardez
36%
Ghazni
36%
Baghlan
14%
Majmana
0%
Nie znaleziono quizów pasujących do podanych kryteriów
Rozkład punktacji
Procent ludzi z każdym wynikiem
Percentyl według liczby udzielonych odpowiedzi
Twoja historia wyników
Nie rozwiązałeś tego quizu